[Event "IECG LM.2000.0.00003 email"]
[Site "IECG email"]
[Date "2000.??.??"]
[Round "?"]
[White "Oestergaard, Allan"]
[Black "Van Asperen, Rob"]
[Result "1-0"]
[WhiteElo "2074"]
[BlackElo "2297"]
[PlyCount "69"]
[EventDate "2000.01.10"]
[EventType "tourn (corr)"]
[EventRounds "14"]
[SourceTitle "Corr 2008"]
[Source "ChessBase"]
[SourceDate "2008.06.24"]
[SourceVersion "1"]
[SourceVersionDate "2008.06.24"]
[SourceQuality "1"]

1. e4 e5 2. Nf3 Nc6 3. Bb5 a6 4. Ba4 Nf6 5. 0-0 Be7 6. Re1 b5 7. Bb3 0-0 8. d3 d6 9. c3 Na5 10. Bc2 c5 11. h3 Re8 12. Nbd2 Bf8 13. Nf1 Nc6 14. Bg5 h6 15. Bxf6 Qxf6 16. Ne3 a5 17. Nd5 Qd8 18. Qd2 g6 19. a4 b4 20. Bb3 Bg7 21. Bc4 Bd7 22. Bb5 Rb8 23. c4 Ne7 24. Ne3 f5 25. exf5 gxf5 26. Qe2 Rf8 27. Bxd7 Qxd7 28. Nd2 Rbd8 29. Qh5 Kh7 30. Re2 f4 31. Nc2 Ng6 32. Qg4 Qxg4 33. hxg4 e4 34. Rxe4 Bxb2 35. Rb1 1-0

[Event "IECG LM.2000.0.00003 email"]
[Site "IECG email"]
[Date "2000.??.??"]
[Round "?"]
[White "Van Asperen, Rob"]
[Black "Mrugala, Arthur"]
[Result "0-1"]
[WhiteElo "2297"]
[BlackElo "2398"]
[PlyCount "30"]
[EventDate "2000.01.10"]
[EventType "tourn (corr)"]
[EventRounds "14"]
[SourceTitle "Corr 2008"]
[Source "ChessBase"]
[SourceDate "2008.06.24"]
[SourceVersion "1"]
[SourceVersionDate "2008.06.24"]
[SourceQuality "1"]

1. e4 c6 2. d4 d5 3. Nd2 dxe4 4. Nxe4 Bf5 5. Nc5 b6 6. Nb3 Nf6 7. Nf3 e6 8. g3 Nbd7 9. Bg2 Bd6 10. Qe2 0-0 11. 0-0 Qc7 12. Re1 Bg4 13. h3 Bh5 14. g4 Bg6 15. Ne5 Nd5 0-1

[Event "IECG LM.2000.0.00003 email"]
[Site "IECG email"]
[Date "2000.??.??"]
[Round "?"]
[White "Van Asperen, Rob"]
[Black "Prochazka, Dalibor"]
[Result "0-1"]
[WhiteElo "2297"]
[BlackElo "2283"]
[PlyCount "32"]
[EventDate "2000.01.10"]
[EventType "tourn (corr)"]
[EventRounds "14"]
[SourceTitle "Corr 2008"]
[Source "ChessBase"]
[SourceDate "2008.06.24"]
[SourceVersion "1"]
[SourceVersionDate "2008.06.24"]
[SourceQuality "1"]

1. e4 Nf6 2. e5 Nd5 3. d4 d6 4. c4 Nb6 5. exd6 cxd6 6. Nc3 g6 7. Be3 Bg7 8. Rc1 0-0 9. b3 f5 10. d5 f4 11. Bd4 Bxd4 12. Qxd4 e5 13. dxe6 Nc6 14. Qe4 Qf6 15. Nf3 Bxe6 16. Be2 Rae8 0-1

[Event "IECG LM.2000.0.00003 email"]
[Site "IECG email"]
[Date "2000.??.??"]
[Round "?"]
[White "Zamudio, Jose Alberto"]
[Black "Van Asperen, Rob"]
[Result "1-0"]
[WhiteElo "2214"]
[BlackElo "2297"]
[PlyCount "59"]
[EventDate "2000.01.10"]
[EventType "tourn (corr)"]
[EventRounds "14"]
[SourceTitle "Corr 2008"]
[Source "ChessBase"]
[SourceDate "2008.06.24"]
[SourceVersion "1"]
[SourceVersionDate "2008.06.24"]
[SourceQuality "1"]

1. e4 e5 2. Nf3 Nc6 3. Bb5 a6 4. Ba4 Nf6 5. d3 d6 6. h3 g6 7. 0-0 Bg7 8. Be3 0-0 9. c3 Qe7 10. Nbd2 b5 11. Bb3 Na5 12. Bc2 c5 13. Nh2 d5 14. f4 Bh6 15. Nb3 Nxb3 16. axb3 Bxf4 17. Bxf4 exf4 18. Rxf4 Bb7 19. Qf3 Nh5 20. Ng4 Nxf4 21. Qxf4 dxe4 22. dxe4 f5 23. Nf2 fxe4 24. Qe3 Rae8 25. Re1 Rf5 26. Ng4 Kh8 27. Nh6 Rd5 28. Rf1 Rf8 29. Re1 Qg5 30. Bxe4 1-0

[Event "IECG CP.1999.P.00024"]
[Site "IECG email"]
[Date "1999.10.01"]
[Round "?"]
[White "Pillars, Patrick"]
[Black "Van Asperen, Rob"]
[Result "0-1"]
[WhiteElo "800"]
[BlackElo "2299"]
[PlyCount "54"]
[EventDate "1999.10.01"]
[EventType "tourn (corr)"]
[EventRounds "6"]
[EventCountry "NED"]
[SourceTitle "Corr 2008"]
[Source "ChessBase"]
[SourceDate "2008.06.24"]
[SourceVersion "1"]
[SourceVersionDate "2008.06.24"]
[SourceQuality "1"]

1. d4 Nf6 2. Bg5 Ne4 3. Nf3 Nxg5 4. Nxg5 e5 5. Ne4 exd4 6. Qxd4 Nc6 7. Qe3 Bb4+ 8. Nbc3 0-0 9. 0-0-0 f5 10. Nd2 Re8 11. Qf4 d5 12. Nb5 a6 13. Nd4 Nxd4 14. Qxd4 c5 15. Qf4 b5 16. e3 Bxd2+ 17. Rxd2 Qa5 18. a3 b4 19. Rxd5 bxa3 20. bxa3 Qxa3+ 21. Kd2 Qa5+ 22. Kd1 Be6 23. Bc4 Qa1+ 24. Kd2 Qxh1 25. Rxf5 Rad8+ 26. Kc3 Qa1+ 27. Kb3 Rb8+ 0-1

[Event "IECG CP.1998.Q.00017"]
[Site "IECG email"]
[Date "1999.??.??"]
[Round "?"]
[White "Barbosa de Oliveira, Marcio"]
[Black "Van Asperen, Rob"]
[Result "1-0"]
[WhiteElo "2263"]
[BlackElo "2299"]
[PlyCount "32"]
[EventDate "1999.10.01"]
[EventType "tourn (corr)"]
[EventRounds "8"]
[EventCountry "BRA"]
[SourceTitle "Corr 2024"]
[Source "ChessBase"]
[SourceDate "2023.10.19"]
[SourceVersion "1"]
[SourceVersionDate "2023.10.19"]
[SourceQuality "1"]

1. e4 d5 2. exd5 Nf6 3. d4 Nxd5 4. c4 Nb6 5. Nf3 g6 6. Nc3 Bg7 7. c5 Nd5 8. Bc4 c6 9. Qb3 0-0 10. Nxd5 cxd5 11. Bxd5 Nc6 12. Bxc6 bxc6 13. Bg5 Bg4 14. 0-0 Rb8 15. Qc3 Bxf3 16. Qxf3 Rxb2 1-0

[Event "IECG LM.1999.0.00001 email"]
[Site "IECG email"]
[Date "1999.??.??"]
[Round "?"]
[White "Horak, Jiri"]
[Black "Van Asperen, Rob"]
[Result "1/2-1/2"]
[WhiteElo "2270"]
[BlackElo "2285"]
[PlyCount "114"]
[EventDate "1999.07.02"]
[EventType "tourn (corr)"]
[EventRounds "14"]
[SourceTitle "Corr 2008"]
[Source "ChessBase"]
[SourceDate "2008.06.24"]
[SourceVersion "1"]
[SourceVersionDate "2008.06.24"]
[SourceQuality "1"]

1. e4 d6 2. d4 Nf6 3. Nc3 g6 4. Nf3 Bg7 5. h3 0-0 6. Be3 a6 7. Qd2 b5 8. Bd3 Bb7 9. 0-0 Nbd7 10. b4 c5 11. bxc5 dxc5 12. dxc5 Qc7 13. c6 Bxc6 14. Rad1 Rfd8 15. Rfe1 Bb7 16. Rb1 Rac8 17. Rb3 Nc5 18. Bxc5 Qxc5 19. Qe3 Nd7 20. Nd5 Bxd5 21. exd5 Qxe3 22. Rxe3 Nc5 23. Rb1 Nxd3 24. cxd3 Kf8 25. d4 Rxd5 26. a4 Rc4 27. axb5 Rxb5 28. Ra1 a5 29. Rea3 Bxd4 30. Nxd4 Rxd4 31. Rxa5 Rxa5 32. Rxa5 f5 33. g3 h5 34. h4 f4 35. Kg2 Kf7 36. Kf3 fxg3 37. fxg3 Kf6 38. Ra8 Rd3+ 39. Kf2 Kf5 40. Ra5+ e5 41. Ra4 e4 42. Ra5+ Kg4 43. Rg5+ Kh3 44. Rxg6 Rf3+ 45. Ke2 Rxg3 46. Re6 Rg4 47. Ke3 Kxh4 48. Re5 Rg5 49. Rxe4+ Kg3 50. Ke2 Kg2 51. Kd3 Rg4 52. Re2+ Kf1 53. Rh2 h4 54. Ke3 Kg1 55. Ra2 Rg2 56. Ra1+ Kh2 57. Kf3 Rg3+ 1/2-1/2

[Event "IECG CP.1998.Q.00017"]
[Site "IECG email"]
[Date "1999.??.??"]
[Round "?"]
[White "Tarmak, Mart"]
[Black "Van Asperen, Rob"]
[Result "1-0"]
[WhiteElo "2261"]
[BlackElo "2299"]
[PlyCount "37"]
[EventDate "1999.10.01"]
[EventType "tourn (corr)"]
[EventRounds "8"]
[EventCountry "BRA"]
[SourceTitle "Corr 2008"]
[Source "ChessBase"]
[SourceDate "2008.06.24"]
[SourceVersion "1"]
[SourceVersionDate "2008.06.24"]
[SourceQuality "1"]

1. e4 d5 2. exd5 Nf6 3. d4 Nxd5 4. Nf3 Bg4 5. h3 Bh5 6. c4 Nb6 7. Nc3 e6 8. g4 Bg6 9. Ne5 N8d7 10. Nxg6 hxg6 11. c5 Nd5 12. Nxd5 exd5 13. Qb3 Qe7+ 14. Be3 0-0-0 15. Bg2 c6 16. 0-0 Qh4 17. Qa4 a6 18. Bf4 Re8 19. Qa5 1-0

[Event "IECG LM.1999.0.00001 email"]
[Site "IECG email"]
[Date "1999.??.??"]
[Round "?"]
[White "Van Asperen, Rob"]
[Black "Kharitonov, Aleksandr Alekseevi"]
[Result "1/2-1/2"]
[WhiteElo "2285"]
[BlackElo "2145"]
[PlyCount "36"]
[EventDate "1999.07.02"]
[EventType "tourn (corr)"]
[EventRounds "14"]
[SourceTitle "Corr 2008"]
[Source "ChessBase"]
[SourceDate "2008.06.24"]
[SourceVersion "1"]
[SourceVersionDate "2008.06.24"]
[SourceQuality "1"]

1. e4 c5 2. c3 Nf6 3. e5 Nd5 4. d4 cxd4 5. Nf3 e6 6. cxd4 b6 7. Nc3 Nxc3 8. bxc3 Qc7 9. Bd2 Bb7 10. Bd3 d6 11. 0-0 dxe5 12. Nxe5 Nc6 13. f4 0-0-0 14. Qe2 Na5 15. Ba6 Bd6 16. Rab1 f6 17. Nc4 Bxa6 18. Nxd6+ Rxd6 1/2-1/2

[Event "IECG CP.1998.Q.00017"]
[Site "IECG email"]
[Date "1999.??.??"]
[Round "?"]
[White "Van Asperen, Rob"]
[Black "Ottolini, Graziano"]
[Result "0-1"]
[WhiteElo "2299"]
[BlackElo "2118"]
[PlyCount "48"]
[EventDate "1999.10.01"]
[EventType "tourn (corr)"]
[EventRounds "8"]
[EventCountry "BRA"]
[SourceTitle "Corr 2008"]
[Source "ChessBase"]
[SourceDate "2008.06.24"]
[SourceVersion "1"]
[SourceVersionDate "2008.06.24"]
[SourceQuality "1"]

1. e4 Nf6 2. e5 Nd5 3. d4 d6 4. c4 Nb6 5. exd6 cxd6 6. Nc3 g6 7. Be3 Bg7 8. Rc1 0-0 9. b3 f5 10. d5 e5 11. dxe6 Bxe6 12. Nf3 Nc6 13. Qd2 d5 14. cxd5 Nxd5 15. Bc4 Bxc3 16. Rxc3 Re8 17. Rd3 Nxe3 18. fxe3 Qb6 19. Qc3 Qb4 20. Bxe6+ Rxe6 21. 0-0 Qxc3 22. Rxc3 Rae8 23. Kf2 Nb4 24. Rd1 Rc6 0-1

[Event "IECG LM.1999.0.00001 email"]
[Site "IECG email"]
[Date "1999.??.??"]
[Round "?"]
[White "Van Asperen, Rob"]
[Black "Reid, Andrew V"]
[Result "1/2-1/2"]
[WhiteElo "2285"]
[BlackElo "2200"]
[PlyCount "58"]
[EventDate "1999.07.02"]
[EventType "tourn (corr)"]
[EventRounds "14"]
[SourceTitle "Corr 2008"]
[Source "ChessBase"]
[SourceDate "2008.06.24"]
[SourceVersion "1"]
[SourceVersionDate "2008.06.24"]
[SourceQuality "1"]

1. e4 c5 2. c3 Nf6 3. e5 Nd5 4. d4 cxd4 5. Nf3 e6 6. cxd4 Nc6 7. a3 Be7 8. Bd3 d6 9. 0-0 0-0 10. Qe2 Qb6 11. Rd1 Bd7 12. Nc3 Nxc3 13. bxc3 dxe5 14. dxe5 Qc7 15. Qe4 g6 16. Bh6 Rfd8 17. h4 Na5 18. Qf4 Be8 19. Bg5 Bxg5 20. Nxg5 Nc6 21. Be4 Rac8 22. Bxc6 Bxc6 23. h5 h6 24. Rxd8+ Rxd8 25. hxg6 hxg5 26. gxf7+ Kf8 27. Qxg5 Kxf7 28. Qf6+ Ke8 29. Qxe6+ Qe7 1/2-1/2

[Event "IECG CM.1999.0.00073"]
[Site "IECG email"]
[Date "1999.??.??"]
[Round "?"]
[White "Van Asperen, Rob"]
[Black "Sarobe, Raul"]
[Result "1/2-1/2"]
[WhiteElo "2258"]
[BlackElo "2200"]
[PlyCount "31"]
[EventDate "1999.03.25"]
[EventType "tourn (corr)"]
[EventRounds "6"]
[SourceTitle "Corr 2008"]
[Source "ChessBase"]
[SourceDate "2008.06.24"]
[SourceVersion "1"]
[SourceVersionDate "2008.06.24"]
[SourceQuality "1"]

1. e4 c5 2. Nc3 d6 3. f4 Nf6 4. Nf3 Nc6 5. Bb5 Bg4 6. d3 e6 7. 0-0 Be7 8. Qe1 0-0 9. e5 Nd5 10. Bxc6 bxc6 11. exd6 Bxd6 12. Ne5 Nxc3 13. bxc3 Bxe5 14. Qxe5 c4 15. Ba3 Re8 16. d4 1/2-1/2

[Event "IECG CM.1999.0.00095"]
[Site "IECG email"]
[Date "1999.??.??"]
[Round "?"]
[White "Van Asperen, Rob"]
[Black "Winkler, Thorsten"]
[Result "0-1"]
[WhiteElo "2297"]
[BlackElo "2355"]
[PlyCount "54"]
[EventDate "1999.12.21"]
[EventType "tourn (corr)"]
[EventRounds "6"]
[SourceTitle "Corr 2008"]
[Source "ChessBase"]
[SourceDate "2008.06.24"]
[SourceVersion "1"]
[SourceVersionDate "2008.06.24"]
[SourceQuality "1"]

1. d4 d6 2. c4 e5 3. Nf3 e4 4. Ng5 f5 5. Nc3 c6 6. g3 Be7 7. Nh3 Na6 8. Bg2 Nf6 9. d5 0-0 10. 0-0 Nc7 11. Nf4 g5 12. Nh3 h6 13. f3 exf3 14. exf3 cxd5 15. cxd5 b5 16. a3 Bb7 17. f4 g4 18. Nf2 a5 19. Re1 b4 20. axb4 axb4 21. Rxa8 Bxa8 22. Na2 Bxd5 23. Bxd5+ Ncxd5 24. Bd2 Qb6 25. Nxb4 Rf7 26. Nxd5 Nxd5 27. Qa4 Nf6 0-1

[Event "IECG CP.1998.P.00045"]
[Site "IECG email"]
[Date "1998.10.01"]
[Round "?"]
[White "Jouanny, Sebastien"]
[Black "Van Asperen, Rob"]
[Result "0-1"]
[WhiteElo "1720"]
[BlackElo "2240"]
[PlyCount "110"]
[EventDate "1998.10.01"]
[EventType "tourn (corr)"]
[EventRounds "6"]
[EventCountry "NED"]
[SourceTitle "Corr 2008"]
[Source "ChessBase"]
[SourceDate "2008.06.24"]
[SourceVersion "1"]
[SourceVersionDate "2008.06.24"]
[SourceQuality "1"]

1. d4 Nf6 2. Nf3 g6 3. Nc3 d5 4. e3 Bg7 5. Na4 0-0 6. c4 Nbd7 7. cxd5 Nb6 8. Nxb6 axb6 9. Bc4 Bf5 10. Qe2 Be4 11. 0-0 Bxd5 12. b4 Qd6 13. a3 c5 14. bxc5 bxc5 15. dxc5 Qxc5 16. Bxd5 Nxd5 17. Bb2 Nc3 18. Qe1 Qc4 19. Nd4 Bxd4 20. exd4 Ne2+ 21. Kh1 e6 22. f4 Rfd8 23. Rf2 Nxd4 24. Rc1 Qb5 25. h3 Rd5 26. Qe3 Rad8 27. Rd2 Nc6 28. Qc3 Rd4 29. Rcd1 e5 30. Rxd4 Rxd4 31. Rxd4 exd4 32. Qd2 Qd5 33. Kg1 Qe4 34. Kf2 f5 35. Qc1 Kf7 36. g3 d3 37. Qd1 Na5 38. Bc3 Nc4 39. h4 Qe3+ 40. Kg2 Qe2+ 41. Qxe2 dxe2 42. Kf2 e1Q+ 43. Kxe1 Nxa3 44. Ke2 Ke6 45. Ke3 Kd5 46. Kd3 Nb5 47. Bg7 Nd6 48. Ke3 Ne4 49. Kf3 h5 50. Bf8 b5 51. Bb4 Kc4 52. Be1 Kb3 53. Ke2 b4 54. Kd3 Ka3 55. Bxb4+ Kxb4 0-1

[Event "IECG CM.1998.0.00062"]
[Site "IECG email"]
[Date "1998.??.??"]
[Round "?"]
[White "Alvarez Villar, Horacio Nelson"]
[Black "Van Asperen, Rob"]
[Result "1/2-1/2"]
[WhiteElo "2233"]
[BlackElo "2258"]
[PlyCount "38"]
[EventDate "1998.11.14"]
[EventType "tourn (corr)"]
[EventRounds "6"]
[SourceTitle "Corr 2008"]
[Source "ChessBase"]
[SourceDate "2008.06.24"]
[SourceVersion "1"]
[SourceVersionDate "2008.06.24"]
[SourceQuality "1"]

1. d4 Nf6 2. c4 g6 3. Nc3 Bg7 4. e4 d6 5. Nf3 0-0 6. Be2 e5 7. 0-0 Nc6 8. d5 Ne7 9. Bd2 Nh5 10. Ne1 Nf4 11. Bxf4 exf4 12. Qd2 g5 13. h4 f5 14. exf5 gxh4 15. Qxf4 Nxf5 16. Qd2 h3 17. g3 Bd7 18. Nc2 Qf6 19. Bh5 Be8 1/2-1/2

[Event "IECG CM.1998.0.00048"]
[Site "IECG email"]
[Date "1998.??.??"]
[Round "?"]
[White "Van Asperen, Rob"]
[Black "Alvarez Villar, Horacio Nelson"]
[Result "1/2-1/2"]
[WhiteElo "2240"]
[BlackElo "2246"]
[PlyCount "95"]
[EventDate "1998.05.17"]
[EventType "tourn (corr)"]
[EventRounds "6"]
[SourceTitle "Corr 2008"]
[Source "ChessBase"]
[SourceDate "2008.06.24"]
[SourceVersion "1"]
[SourceVersionDate "2008.06.24"]
[SourceQuality "1"]

1. Nf3 f5 2. g3 Nf6 3. Bg2 g6 4. 0-0 Bg7 5. c4 0-0 6. Nc3 d6 7. d3 e5 8. Rb1 Nc6 9. b4 a6 10. a4 Bd7 11. Qc2 h6 12. Bd2 Re8 13. b5 axb5 14. cxb5 Ne7 15. e4 Be6 16. Ne2 Qd7 17. a5 fxe4 18. dxe4 c6 19. Bb4 cxb5 20. Rfd1 Rec8 21. Nc3 Ne8 22. Qd2 Ra6 23. Ne1 b6 24. Nxb5 bxa5 25. Bxa5 Rca8 26. Bc3 Bc4 27. Bf1 Bxf1 28. Kxf1 Ra2 29. Qd3 Nf6 30. Kg1 d5 31. exd5 Nfxd5 32. Nf3 Qe6 33. Re1 Nc6 34. Qc4 R8a4 35. Qb3 Qf7 36. Red1 Nd4 37. Bxd4 exd4 38. Nbxd4 Rxd4 39. Qxa2 Qxf3 40. Rxd4 Bxd4 41. Rb7 Bc5 42. Rd7 Bxf2+ 43. Qxf2 Qd1+ 44. Kg2 Ne3+ 45. Qxe3 Qxd7 46. Qxh6 Qd3 47. Qf4 Qe2+ 48. Qf2 1/2-1/2

[Event "IECG CM.1998.0.00062"]
[Site "IECG email"]
[Date "1998.??.??"]
[Round "?"]
[White "Van Asperen, Rob"]
[Black "Soentges, Karl Heinz"]
[Result "1-0"]
[WhiteElo "2258"]
[BlackElo "2437"]
[PlyCount "45"]
[EventDate "1998.11.14"]
[EventType "tourn (corr)"]
[EventRounds "6"]
[SourceTitle "Corr 2008"]
[Source "ChessBase"]
[SourceDate "2008.06.24"]
[SourceVersion "1"]
[SourceVersionDate "2008.06.24"]
[SourceQuality "1"]

1. d4 Nf6 2. c4 e5 3. dxe5 Ng4 4. e3 Nxe5 5. Nh3 Bc5 6. Nf4 0-0 7. Be2 Nbc6 8. 0-0 d6 9. Nc3 a5 10. b3 Re8 11. Bb2 Bf5 12. Kh1 Rc8 13. Nb5 Qd7 14. Nd4 Be4 15. f3 Bg6 16. a3 f6 17. Nxc6 Qxc6 18. e4 Bf7 19. Nd5 Kh8 20. f4 Ng6 21. Nxf6 gxf6 22. Bxf6+ Kg8 23. f5 1-0